000 00449nam a2200157Ia 4500
008 100204s9999 xx 000 0 und d
082 _b24950
100 _aबॉल जॉन
245 _aमिसींग
260 _b"पॉप्युलर प्रकाशन , पुणे"
_c2001
300 _a160
630 _aमिसींग
700 _aभट अविनाश
730 _aमिसींग
942 _cBOOK
999 _c470130
_d470127